000 00450nam a22001697a 4500
003 KenMUT
005 20250530144237.0
008 250530b |||||||| |||| 00| 0 eng d
020 _a9783030765354
040 _cMUT
050 _aTJ 1185
_b.V46 2024
100 _aVenkataraman, K.
245 _aDesign of jigs, fixtures and press tools
_bK. Venkataraman
260 _a[?]
_bSpringer
_c2024
650 _aMachine-tools
_xDesign.
942 _2lcc
_cBK
_n0
999 _c22847
_d22847